[Event "1. Bundesliga 2019/2020"]
[Site "Blumenhalle, St. Veit/Glan"]
[Date "2020.01.09"]
[Round "5"]
[Board "6"]
[White "Sebenik, Matej"]
[Black "Novkovic, Milan"]
[Result "1/2-1/2"]
[WhiteElo "2498"]
[BlackElo "2358"]
[PlyCount "70"]
[EventDate "2019.10.10"]
[EventType "team"]
[EventRounds "11"]
[EventCountry "AUT"]
[WhiteTeam "SV Raika Rapid Feffernitz"]
[BlackTeam "SK Hohenems"]

1.Nf3 d5 2.d4 Nf6 3.c4 e6 4.Nc3 Be7 5.g3 c6 6.Bg2 Nbd7 7.O-O O-O 8.b3 b6 9.Qd3 Bb7
10.Bb2 Rc8 11.Rad1 Qc7 12.e4 dxe4 13.Nxe4 Rfd8 14.Nxf6+ Bxf6 15.Qe2 c5 16.dxc5 Bxf3
17.Bxf3 bxc5 18.Bxf6 Nxf6 19.Qe3 Kf8 20.Rfe1 h6 21.h4 Ke7 22.g4 g5 23.hxg5 hxg5 24.Rxd8
Rxd8 25.Qxg5 Rg8 26.Qh4 Qf4 27.Kg2 Kd6 28.Rd1+ Kc7 29.Qg3 e5 30.Qxf4 exf4 31.Kf1 Rd8
32.Re1 Kd6 33.Rd1+ Kc7 34.Re1 Kd6 35.Rd1+ Kc7  1/2-1/2

[Event "1. Bundesliga 2019/2020"]
[Site "Blumenhalle, St. Veit/Glan"]
[Date "2020.01.09"]
[Round "5"]
[Board "1"]
[White "Balogh, Csaba"]
[Black "Ragger, Markus"]
[Result "1/2-1/2"]
[WhiteElo "2586"]
[BlackElo "2675"]
[PlyCount "73"]
[EventDate "2019.10.10"]
[EventType "team"]
[EventRounds "11"]
[EventCountry "AUT"]
[WhiteTeam "Spg. Sallegger Tech. Fuerstenfeld/Hartber"]
[BlackTeam "SC MPOE Maria Saal"]

1.e4 e5 2.Nf3 Nc6 3.Bb5 a6 4.Ba4 Nf6 5.O-O Be7 6.d3 b5 7.Bb3 d6 8.a3 O-O 9.Nc3 Na5
10.Ba2 Be6 11.b4 Bxa2 12.Nxa2 Nc6 13.c4 Nd4 14.Nc3 c6 15.Be3 Nxf3+ 16.Qxf3 Qc8 17.h3
Qe6 18.Rfc1 h6 19.a4 a5 20.axb5 axb4 21.Na4 cxb5 22.cxb5 Qb3 23.Qd1 Qxd1+ 24.Rxd1
Rfb8 25.Nb6 Rxa1 26.Rxa1 d5 27.exd5 Bd8 28.Nc4 Nxd5 29.Ra6 b3 30.Ra3 Nxe3 31.fxe3
Rxb5 32.Ra8 Rd5 33.Rb8 Rxd3 34.Nxe5 Rd6 35.Rxb3 Re6 36.Rb8 Rxe5 37.Rxd8+  1/2-1/2

[Event "1. Bundesliga 2019/2020"]
[Site "Blumenhalle, St. Veit/Glan"]
[Date "2020.01.09"]
[Round "5"]
[Board "2"]
[White "Predojevic, Borki"]
[Black "Korpa, Bence"]
[Result "1/2-1/2"]
[WhiteElo "2604"]
[BlackElo "2546"]
[PlyCount "161"]
[EventDate "2019.10.10"]
[EventType "team"]
[EventRounds "11"]
[EventCountry "AUT"]
[WhiteTeam "SC MPOE Maria Saal"]
[BlackTeam "Spg. Sallegger Tech. Fuerstenfeld/Hartber"]

1. e4 c6 2. Nc3 d5 3. Nf3 dxe4 4. Nxe4 Nf6 5. Qe2 Nxe4 6. Qxe4 Qd5 7. Qf4 Qf5
8. Qe3 Qe6 9. b3 Qxe3+ 10. fxe3 f6 11. Bb2 e5 12. d4 exd4 13. exd4 Bb4+ 14. c3
Bd6 15. Bd3 O-O 16. O-O Na6 17. Bxa6 bxa6 18. Nd2 Re8 19. Nc4 Bc7 20. Ba3 a5
21. Rfe1 Ba6 22. Bd6 Bxc4 23. Bxc7 Bf7 24. Bxa5 Rxe1+ 25. Rxe1 Re8 26. Kf2 Rxe1
27. Kxe1 Bg6 28. Kd2 Kf7 29. c4 Be4 30. g3 a6 31. Kc3 Bb1 32. Bc7 Ke6 33. a3
Be4 34. Bb8 Bf3 35. Kd2 Kd7 36. Ba7 Kd6 37. Bc5+ Ke6 38. Bf8 Kf7 39. Bc5 Ke6
40. a4 Kf7 41. Ba7 Ke6 42. Bb8 Kd7 43. Ba7 Ke6 44. Bb6 Ke7 45. Bc5+ Kf7 46. b4
Ke6 47. Bf8 Kf7 48. Bc5 Ke6 49. Ba7 Kd6 50. Bb8+ Kd7 51. Bf4 Bg2 52. Kc3 Ke6
53. h4 h5 54. Bb8 Bf3 55. Kd2 Kd7 56. Ba7 Kd6 57. Bb8+ Kd7 58. Bf4 Bg2 59. Kc3
Ke6 60. b5 cxb5 61. axb5 axb5 62. cxb5 Bf1 63. Kb4 Kd5 64. Be3 Be2 65. Ka5 Bg4
66. Kb6 Be2 67. Ka6 Bd3 68. Ka5 Bf5 69. b6 Bc8 70. Kb5 Bb7 71. Kb4 Kc6 72. Ka5
Kd5 73. Kb5 Bc8 74. Bc1 Bb7 75. Ba3 Kxd4 76. Bf8 g6 77. Be7 Ke5 78. Kc4 Ke6 79.
Bd8 Ke5 80. Be7 Ke6 81. Bd8  1/2-1/2

[Event "1. Bundesliga 2019/2020"]
[Site "Blumenhalle, St. Veit/Glan"]
[Date "2020.01.09"]
[Round "5"]
[Board "3"]
[White "Mesaros, Florian"]
[Black "Handler, Lukas"]
[Result "1-0"]
[WhiteElo "2410"]
[BlackElo "2420"]
[PlyCount "85"]
[EventDate "2019.10.10"]
[EventType "team"]
[EventRounds "11"]
[EventCountry "AUT"]
[WhiteTeam "Spg. Sallegger Tech. Fuerstenfeld/Hartber"]
[BlackTeam "SC MPOE Maria Saal"]

1.d4 d5 2.c4 e6 3.Nc3 Bb4 4.a3 Bxc3+ 5.bxc3 Nf6 6.cxd5 exd5 7.e3 Bf5 8.f3 c5 9.Ne2
O-O 10.g4 Be6 11.Nf4 Nfd7 12.h4 cxd4 13.cxd4 Nc6 14.Bd3 Re8 15.Kf2 Nf8 16.Bd2 Rc8
17.Rb1 Rc7 18.Rb5 Qd6 19.Qb3 b6 20.a4 Nd7 21.Qb1 Nf8 22.h5 h6 23.Rg1 Qd8 24.Kg2 Rc8
25.Rc1 Na5 26.Nxe6 fxe6 27.Rxc8 Qxc8 28.Bxa5 bxa5 29.Rc5 Qd8 30.Qb5 Nd7 31.Rc2 Rf8
32.Qb7 Nb6 33.Qxa7 Nxa4 34.f4 Qb6 35.Qd7 e5 36.Qxa4 exf4 37.exf4 Qe6 38.f5 Qe3 39.Be2
Rb8 40.Bf3 Kh7 41.Re2 Qf4 42.Qxa5 Rb1 43.Qd2  1-0

[Event "1. Bundesliga 2019/2020"]
[Site "Blumenhalle, St. Veit/Glan"]
[Date "2020.01.09"]
[Round "5"]
[Board "4"]
[White "Kreisl, Robert"]
[Black "Poetz, Florian"]
[Result "1/2-1/2"]
[WhiteElo "2401"]
[BlackElo "2422"]
[PlyCount "46"]
[EventDate "2019.10.10"]
[EventType "team"]
[EventRounds "11"]
[EventCountry "AUT"]
[WhiteTeam "SC MPOE Maria Saal"]
[BlackTeam "Spg. Sallegger Tech. Fuerstenfeld/Hartber"]

1.d4 Nf6 2.Nc3 d6 3.Nf3 Bg4 4.e4 e6 5.h3 Bh5 6.Qe2 Bxf3 7.Qxf3 c6 8.Be2 d5 9.O-O dxe4
10.Qe3 Be7 11.Nxe4 O-O 12.Rd1 Nbd7 13.Nxf6+ Nxf6 14.c4 Qc7 15.b3 Bd6 16.Bb2 Rfe8 17.Bf3
Rad8 18.Bc3 Qe7 19.g3 Bb4 20.Bb2 Ba3 21.Bc3 Bb4 22.Bb2 Ba3 23.Bc3 Bb4  1/2-1/2

[Event "1. Bundesliga 2019/2020"]
[Site "Blumenhalle, St. Veit/Glan"]
[Date "2020.01.09"]
[Round "5"]
[Board "5"]
[White "Freitag, Manfred"]
[Black "Buhmann, Rainer"]
[Result "0-1"]
[WhiteElo "2356"]
[BlackElo "2581"]
[PlyCount "128"]
[EventDate "2019.10.10"]
[EventType "team"]
[EventRounds "11"]
[EventCountry "AUT"]
[WhiteTeam "Spg. Sallegger Tech. Fuerstenfeld/Hartber"]
[BlackTeam "SC MPOE Maria Saal"]

1.d4 d5 2.c4 e6 3.Nf3 Nf6 4.g3 Be7 5.Bg2 O-O 6.O-O c6 7.Qc2 b6 8.Nbd2 Bb7 9.e4 Na6
10.a3 c5 11.exd5 exd5 12.Rd1 Rc8 13.b3 Qc7 14.Bb2 dxc4 15.Qxc4 Qb8 16.Qf1 Rfd8 17.Nc4
Qa8 18.Nce5 Nd5 19.Rac1 Bf6 20.Ng4 cxd4 21.Nxf6+ Nxf6 22.Nxd4 Rxc1 23.Rxc1 Nc5 24.Nf5
Bxg2 25.Qxg2 Qxg2+ 26.Kxg2 Ne8 27.Rc3 f6 28.Bc1 Kf7 29.Be3 Ne6 30.Rc6 Rd5 31.g4 g6
32.Nh6+ Ke7 33.Rc8 Rd8 34.Rxd8 Nxd8 35.Kf3 Nc6 36.b4 Ke6 37.Ke4 Nd6+ 38.Kd3 b5 39.f4
f5 40.h3 a6 41.Bc1 Ne4 42.Be3 Ne7 43.Kd4 Nc6+ 44.Kd3 Nd6 45.Bd2 Nc4 46.Bc1 Kf6 47.g5+
Kg7 48.h4 Kf8 49.Kc3 Nb6 50.Kd3 Nd5 51.Bd2 Nc7 52.Bc1 Ne6 53.Be3 Ne7 54.Bc5 Nxf4+
55.Kd4 Ne6+ 56.Ke5 Nxc5 57.bxc5 a5 58.Kd4 a4 59.Kd3 Nc6 60.Kc3 Kg7 61.Kb2 Ne5 62.Kc3
f4 63.Ng4 Nxg4 64.c6 Ne3  0-1

[Event "1. Bundesliga 2019/2020"]
[Site "Blumenhalle, St. Veit/Glan"]
[Date "2020.01.09"]
[Round "5"]
[Board "6"]
[White "Halvax, Georg"]
[Black "Csonka, Attila"]
[Result "1-0"]
[WhiteElo "2415"]
[BlackElo "2361"]
[PlyCount "129"]
[EventDate "2019.10.10"]
[EventType "team"]
[EventRounds "11"]
[EventCountry "AUT"]
[WhiteTeam "SC MPOE Maria Saal"]
[BlackTeam "Spg. Sallegger Tech. Fuerstenfeld/Hartber"]

1.d4 Nf6 2.c4 e6 3.Nf3 Bb4+ 4.Bd2 c5 5.Bxb4 cxb4 6.e3 O-O 7.Be2 d6 8.O-O Nc6 9.a3
a5 10.d5 exd5 11.cxd5 Ne7 12.axb4 Nexd5 13.b5 Nb4 14.Nd4 Be6 15.Nc3 Rc8 16.Qa4 b6
17.Nc6 Nxc6 18.bxc6 Bd5 19.Bb5 Qc7 20.Rac1 Bxc6 21.Ne4 Nxe4 22.Rxc6 Qe7 23.Rxb6 Rb8
24.Rxb8 Rxb8 25.Bc6 Nc5 26.Qxa5 Rxb2 27.Bf3 g6 28.Qa8+ Kg7 29.Qd5 Qe5 30.Rd1 Qxd5
31.Bxd5 Na4 32.g4 Nc3 33.Rd3 Nxd5 34.Rxd5 Rb6 35.Kg2 Kf6 36.Kg3 h6 37.h4 Rc6 38.f3
Rb6 39.e4 Ke6 40.Ra5 Rb8 41.Kf4 Rc8 42.h5 Rc5 43.Ra8 gxh5 44.Rh8 hxg4 45.Rxh6+ Ke7
46.Kxg4 Rb5 47.Rh8 Ra5 48.Rb8 Re5 49.Rb4 Ra5 50.f4 Ra7 51.Kg5 Ra5+ 52.f5 Re5 53.Ra4
d5 54.Ra7+ Kf8 55.Kf6 Rxe4 56.Rxf7+ Kg8 57.Rg7+ Kf8 58.Rd7 Kg8 59.Rd8+ Kh7 60.Kf7
Ra4 61.f6 Ra7+ 62.Ke6 Ra6+ 63.Kf5 Ra7 64.Re8 Ra1 65.f7  1-0

[Event "1. Bundesliga 2019/2020"]
[Site "Blumenhalle, St. Veit/Glan"]
[Date "2020.01.09"]
[Round "5"]
[Board "1"]
[White "Nisipeanu, Liviu-Dieter"]
[Black "Dragnev, Valentin"]
[Result "1/2-1/2"]
[WhiteElo "2655"]
[BlackElo "2551"]
[PlyCount "61"]
[EventDate "2019.10.10"]
[EventType "team"]
[EventRounds "11"]
[EventCountry "AUT"]
[WhiteTeam "SK Sparkasse Jenbach"]
[BlackTeam "mpimmo Wien - SK Ottakring"]

1.d4 Nf6 2.c4 e6 3.Nc3 Bb4 4.e3 O-O 5.Bd3 d5 6.Nf3 dxc4 7.Bxc4 c5 8.O-O Nc6 9.Bd3
cxd4 10.exd4 Be7 11.a3 b6 12.Re1 Bb7 13.Bc2 Rc8 14.Qd3 g6 15.Bh6 Re8 16.Rad1 Nd5 17.Nxd5
Qxd5 18.Bb3 Qh5 19.Bc1 Bf6 20.d5 exd5 21.Rxe8+ Rxe8 22.Qxd5 Qxd5 23.Bxd5 Rd8 24.Bb3
Rxd1+ 25.Bxd1 Ba6 26.Ba4 Nd4 27.Nxd4 Bxd4 28.Bb3 Kf8 29.g3 Be2 30.Kg2 Ke7 31.Bd5  1/2-1/2

[Event "1. Bundesliga 2019/2020"]
[Site "Blumenhalle, St. Veit/Glan"]
[Date "2020.01.09"]
[Round "5"]
[Board "2"]
[White "Banusz, Tamas"]
[Black "Bluebaum, Matthias"]
[Result "1/2-1/2"]
[WhiteElo "2623"]
[BlackElo "2646"]
[PlyCount "61"]
[EventDate "2019.10.10"]
[EventType "team"]
[EventRounds "11"]
[EventCountry "AUT"]
[WhiteTeam "mpimmo Wien - SK Ottakring"]
[BlackTeam "SK Sparkasse Jenbach"]

1.Nf3 d5 2.g3 Nd7 3.d4 Nb6 4.Bg2 Bf5 5.O-O e6 6.a4 a5 7.Nbd2 h6 8.Re1 Nf6 9.Ne5 Nbd7
10.Nxd7 Qxd7 11.e4 dxe4 12.Nxe4 Bxe4 13.Bxe4 Nxe4 14.Rxe4 Be7 15.Qh5 Bf6 16.Bf4 O-O
17.c3 c6 18.Rae1 Qd5 19.Qg4 Kh7 20.Qd1 Rfd8 21.Be5 Bxe5 22.Rxe5 Qd7 23.f4 Kg8 24.Qb3
b6 25.f5 exf5 26.Re7 Qd5 27.Qxd5 cxd5 28.R1e5 Rab8 29.Rxf5 f6 30.Rf2 b5 31.axb5  1/2-1/2

[Event "1. Bundesliga 2019/2020"]
[Site "Blumenhalle, St. Veit/Glan"]
[Date "2020.01.09"]
[Round "5"]
[Board "3"]
[White "Svane, Rasmus"]
[Black "Blohberger, Felix"]
[Result "1/2-1/2"]
[WhiteElo "2613"]
[BlackElo "2465"]
[PlyCount "75"]
[EventDate "2019.10.10"]
[EventType "team"]
[EventRounds "11"]
[EventCountry "AUT"]
[WhiteTeam "SK Sparkasse Jenbach"]
[BlackTeam "mpimmo Wien - SK Ottakring"]

1.Nf3 Nf6 2.g3 g6 3.d4 Bg7 4.Bg2 O-O 5.O-O d5 6.c4 Nc6 7.cxd5 Nxd5 8.e4 Nb6 9.d5 Na5
10.Nc3 c6 11.Bf4 cxd5 12.Nxd5 Nxd5 13.exd5 Nc4 14.Rc1 Nd6 15.Qd2 Bg4 16.Rfe1 Bxf3
17.Bxf3 Qd7 18.Qe2 Bf6 19.Bg4 Qb5 20.Qxb5 Nxb5 21.a4 Nd6 22.Rc7 h5 23.Bd7 Rab8 24.h4
Rfd8 25.b4 Ne8 26.Bxe8 Rxe8 27.Rd7 Red8 28.Rexe7 Bxe7 29.Rxe7 Re8 30.Rd7 Red8 31.Re7
Re8 32.Rc7 Rec8 33.Kg2 Kf8 34.Bd6+ Kg8 35.Bf4 Kf8 36.Bd6+ Kg8 37.Bf4 Kf8 38.Bd6+  1/2-1/2

[Event "1. Bundesliga 2019/2020"]
[Site "Blumenhalle, St. Veit/Glan"]
[Date "2020.01.09"]
[Round "5"]
[Board "4"]
[White "Froewis, Georg"]
[Black "Wagner, Dennis"]
[Result "1/2-1/2"]
[WhiteElo "2459"]
[BlackElo "2581"]
[PlyCount "83"]
[EventDate "2019.10.10"]
[EventType "team"]
[EventRounds "11"]
[EventCountry "AUT"]
[WhiteTeam "mpimmo Wien - SK Ottakring"]
[BlackTeam "SK Sparkasse Jenbach"]

1.Nf3 Nf6 2.c4 c5 3.b3 g6 4.Bb2 Bg7 5.g3 d6 6.Bg2 e5 7.d3 Nc6 8.Nc3 O-O 9.O-O a6 10.Nd2
Rb8 11.Nde4 Nxe4 12.Nxe4 Bg4 13.Qd2 Nd4 14.Rae1 b5 15.h3 Bf5 16.e3 Ne6 17.Nc3 b4 18.Ne2
Nc7 19.d4 exd4 20.exd4 h5 21.Kh2 Re8 22.Nf4 Rxe1 23.Rxe1 Ne6 24.Nxe6 Bxe6 25.Bc6 cxd4
26.Bxd4 Bxd4 27.Qxd4 Qb6 28.Qxb6 Rxb6 29.Be4 Kg7 30.Rd1 Kf6 31.f4 a5 32.Rd4 Ke7 33.Kg2
Ra6 34.Bb7 Rb6 35.Be4 Ra6 36.Bc2 Rc6 37.Be4 Rc5 38.h4 a4 39.Kf2 axb3 40.axb3 Ra5 41.Ke3
Ra1 42.Rd3  1/2-1/2

[Event "1. Bundesliga 2019/2020"]
[Site "Blumenhalle, St. Veit/Glan"]
[Date "2020.01.09"]
[Round "5"]
[Board "5"]
[White "Acs, Peter"]
[Black "Schneider-Zinner, Harald"]
[Result "0-1"]
[WhiteElo "2566"]
[BlackElo "2381"]
[PlyCount "82"]
[EventDate "2019.10.10"]
[EventType "team"]
[EventRounds "11"]
[EventCountry "AUT"]
[WhiteTeam "SK Sparkasse Jenbach"]
[BlackTeam "mpimmo Wien - SK Ottakring"]

1.e4 e6 2.d3 d5 3.Nd2 Nf6 4.Ngf3 c5 5.g3 Nc6 6.Bg2 g6 7.O-O Bg7 8.exd5 Nxd5 9.Ne4
b6 10.h4 Bb7 11.h5 O-O 12.hxg6 hxg6 13.Nfg5 Re8 14.Nf3 Qc7 15.Re1 Nd4 16.c4 Nf6 17.Nxd4
cxd4 18.b4 Nxe4 19.Bxe4 f5 20.Bxb7 Qxb7 21.Bd2 Bf6 22.Rc1 Kg7 23.c5 Rac8 24.cxb6 Rxc1
25.Qxc1 axb6 26.Qd1 g5 27.f3 g4 28.Rf1 gxf3 29.Qxf3 Qxf3 30.Rxf3 Ra8 31.Rf2 Ra3 32.Kg2
b5 33.g4 fxg4 34.Kg3 Rxd3+ 35.Kxg4 Kg6 36.Re2 e5 37.Be1 Rd1 38.Bg3 d3 39.Rf2 d2 40.Kf3
Bg5 41.Bxe5 Rh1  0-1

[Event "1. Bundesliga 2019/2020"]
[Site "Blumenhalle, St. Veit/Glan"]
[Date "2020.01.09"]
[Round "5"]
[Board "6"]
[White "Steiner, Adam"]
[Black "Engel, Luis"]
[Result "0-1"]
[WhiteElo "2258"]
[BlackElo "2536"]
[PlyCount "102"]
[EventDate "2019.10.10"]
[EventType "team"]
[EventRounds "11"]
[EventCountry "AUT"]
[WhiteTeam "mpimmo Wien - SK Ottakring"]
[BlackTeam "SK Sparkasse Jenbach"]

1.d4 Nf6 2.Bf4 d5 3.e3 c5 4.c3 e6 5.Nf3 Bd6 6.dxc5 Bxc5 7.Nbd2 O-O 8.Bd3 Nc6 9.Qe2
Re8 10.e4 e5 11.Bg5 Be6 12.O-O h6 13.Bxf6 Qxf6 14.exd5 Bxd5 15.Ne4 Qe7 16.b4 Bb6 17.b5
Na5 18.c4 Be6 19.Ng3 Rad8 20.Rfe1 Qc5 21.Rac1 f6 22.Ne4 Qb4 23.c5 Bc7 24.Bb1 Bc4 25.a3
Qxb1 26.Rxb1 Bxe2 27.Rxe2 f5 28.b6 axb6 29.cxb6 Bb8 30.Nc5 Rd5 31.Rb5 Nc4 32.a4 Nd6
33.Ra5 e4 34.Nxb7 Rd1+ 35.Re1 Nxb7 36.Rxf5 Red8 37.Kf1 exf3 38.Rxf3 Rxe1+ 39.Kxe1
Rd4 40.Rc3 Bd6 41.Rc8+ Kf7 42.Ra8 Bb4+ 43.Ke2 Rd6 44.f4 Rxb6 45.Kf3 Nc5 46.h4 Ra6
47.Rc8 Nxa4 48.f5 Be7 49.g3 Nc5 50.Kg4 Ra4+ 51.Kh3 Ne4  0-1

[Event "1. Bundesliga 2019/2020"]
[Site "Blumenhalle, St. Veit/Glan"]
[Date "2020.01.09"]
[Round "5"]
[Board "1"]
[White "Bosiocic, Marin"]
[Black "Repka, Christopher"]
[Result "1-0"]
[WhiteElo "2625"]
[BlackElo "2488"]
[PlyCount "67"]
[EventDate "2019.10.10"]
[EventType "team"]
[EventRounds "11"]
[EventCountry "AUT"]
[WhiteTeam "SV Pillenkoenig St. Veit"]
[BlackTeam "SK Bregenz 1920"]

1.c4 e6 2.Nc3 Nf6 3.e4 d5 4.cxd5 exd5 5.e5 Ne4 6.Nf3 Bf5 7.d4 Nc6 8.Bd3 Be7 9.O-O
O-O 10.Re1 Nxc3 11.bxc3 Qd7 12.Rb1 b6 13.Rb5 Bxd3 14.Qxd3 Nd8 15.Bg5 Ne6 16.Bxe7 Qxe7
17.g3 Rad8 18.Nh4 Qa3 19.Nf5 Rfe8 20.Qd2 Qf8 21.h4 f6 22.Rbb1 h6 23.Qd3 Qf7 24.Re3
fxe5 25.Rxe5 Nf8 26.Rbe1 Ng6 27.Rxe8+ Rxe8 28.Rxe8+ Qxe8 29.Qf3 c6 30.Qg4 Qe1+ 31.Kg2
Qe4+ 32.Qxe4 dxe4 33.h5 Nf8 34.Ne7+  1-0

[Event "1. Bundesliga 2019/2020"]
[Site "Blumenhalle, St. Veit/Glan"]
[Date "2020.01.09"]
[Round "5"]
[Board "2"]
[White "Kunin, Vitaly"]
[Black "Brkic, Ante"]
[Result "0-1"]
[WhiteElo "2560"]
[BlackElo "2595"]
[PlyCount "92"]
[EventDate "2019.10.10"]
[EventType "team"]
[EventRounds "11"]
[EventCountry "AUT"]
[WhiteTeam "SK Bregenz 1920"]
[BlackTeam "SV Pillenkoenig St. Veit"]

1.d4 Nf6 2.c4 e6 3.Nf3 d5 4.Qc2 dxc4 5.e3 c5 6.dxc5 Bxc5 7.Bxc4 O-O 8.O-O b6 9.Nc3
Bb7 10.e4 Nc6 11.Bg5 Nd4 12.Qd3 h6 13.Bh4 Nxf3+ 14.Qxf3 Qd4 15.Bd3 Rfd8 16.Rad1 Qe5
17.Qe2 Rd7 18.Bxf6 Qxf6 19.e5 Qg5 20.Be4 Rxd1 21.Rxd1 Bxe4 22.Qxe4 Rd8 23.Rxd8+ Qxd8
24.Qe2 Qg5 25.g3 Bd4 26.Nb5 Qxe5 27.Qxe5 Bxe5 28.Nxa7 Bxb2 29.Kf1 Kf8 30.Ke2 Ke8 31.Kd3
Kd7 32.Kc4 h5 33.h3 g5 34.g4 h4 35.a4 f5 36.f3 e5 37.gxf5 e4 38.Nb5 Be5 39.Na3 exf3
40.Kd3 g4 41.Nc4 Bf4 42.Nxb6+ Kc6 43.f6 Kxb6 44.f7 Bh6 45.hxg4 h3 46.g5 Bf8  0-1

[Event "1. Bundesliga 2019/2020"]
[Site "Blumenhalle, St. Veit/Glan"]
[Date "2020.01.09"]
[Round "5"]
[Board "3"]
[White "Saric, Ante"]
[Black "Nayhebaver, Martin"]
[Result "1/2-1/2"]
[WhiteElo "2541"]
[BlackElo "2475"]
[PlyCount "96"]
[EventDate "2019.10.10"]
[EventType "team"]
[EventRounds "11"]
[EventCountry "AUT"]
[WhiteTeam "SV Pillenkoenig St. Veit"]
[BlackTeam "SK Bregenz 1920"]

1.Nf3 Nf6 2.c4 e6 3.g3 b6 4.Bg2 Bb7 5.O-O Be7 6.d4 O-O 7.b3 d5 8.Ne5 Nbd7 9.Nc3 Re8
10.Bb2 c5 11.Nxd7 Qxd7 12.cxd5 exd5 13.e3 Rac8 14.dxc5 bxc5 15.Rc1 Red8 16.Ne2 d4
17.Bxb7 Qxb7 18.exd4 Ne4 19.h4 c4 20.Nc3 Nxc3 21.Rxc3 Bf6 22.Re3 Qb6 23.Rfe1 h6 24.Qf3
cxb3 25.axb3 Bxd4 26.Bxd4 Qxd4 27.Re7 Rf8 28.Rd1 Rc3 29.Rxd4 Rxf3 30.Rb7 Rc8 31.Kg2
Rcc3 32.b4 a6 33.Rd8+ Kh7 34.Rd6 Rf5 35.f4 Ra3 36.h5 Ra2+ 37.Kf3 Rxh5 38.Rxf7 Ra3+
39.Kg4 Rh1 40.Rf8 Rg1 41.Rdd8 Rc3 42.Rh8+ Kg6 43.Rd6+ Kf7 44.Kf5 Re3 45.g4 Re7 46.Rxa6
Rd1 47.g5 hxg5 48.Raa8 Rd5+  1/2-1/2

[Event "1. Bundesliga 2019/2020"]
[Site "Blumenhalle, St. Veit/Glan"]
[Date "2020.01.09"]
[Round "5"]
[Board "4"]
[White "Sergeev, Vladimir"]
[Black "Kuljasevic, Davorin"]
[Result "0-1"]
[WhiteElo "2419"]
[BlackElo "2562"]
[PlyCount "90"]
[EventDate "2019.10.10"]
[EventType "team"]
[EventRounds "11"]
[EventCountry "AUT"]
[WhiteTeam "SK Bregenz 1920"]
[BlackTeam "SV Pillenkoenig St. Veit"]

1.d4 Nf6 2.Nf3 d5 3.c3 c5 4.e3 Qc7 5.dxc5 Qxc5 6.b4 Qb6 7.Nbd2 g6 8.Bd3 Bg7 9.O-O
O-O 10.Rb1 e5 11.Nxe5 Ne4 12.Nec4 Qc7 13.Bxe4 dxe4 14.Qc2 Be6 15.Na3 Qxc3 16.Qxc3
Bxc3 17.Nxe4 Bg7 18.Bb2 Bxa2 19.Ra1 Bxb2 20.Rxa2 Bg7 21.Nc4 Na6 22.b5 Nc7 23.Ned6
b6 24.Rb1 f5 25.g3 Rfd8 26.Rb3 Bf8 27.Rc2 Rxd6 28.Nxd6 Bxd6 29.Rc6 Rd8 30.Rd3 Ne8
31.Rd2 Kf7 32.h3 Ke7 33.Kg2 Bc5 34.Ra2 Rd7 35.g4 Nd6 36.Rb2 Ke6 37.Rd2 Ke7 38.Rb2
Ke6 39.Rd2 Rf7 40.f4 Kd7 41.Kf3 Re7 42.Rd3 a5 43.Ke2 a4 44.Kd1 Re4 45.Kc2 Rc4+  0-1

[Event "1. Bundesliga 2019/2020"]
[Site "Blumenhalle, St. Veit/Glan"]
[Date "2020.01.09"]
[Round "5"]
[Board "5"]
[White "Rogic, Davor"]
[Black "Dobosz, Henryk"]
[Result "1-0"]
[WhiteElo "2493"]
[BlackElo "2379"]
[PlyCount "87"]
[EventDate "2019.10.10"]
[EventType "team"]
[EventRounds "11"]
[EventCountry "AUT"]
[WhiteTeam "SV Pillenkoenig St. Veit"]
[BlackTeam "SK Bregenz 1920"]

1.e4 e5 2.Nf3 Nc6 3.Bb5 Nf6 4.d4 exd4 5.O-O d6 6.Nxd4 Bd7 7.Bxc6 bxc6 8.Nc3 Be7 9.Bf4
O-O 10.h3 c5 11.Nf3 Bc6 12.Re1 Qb8 13.Qd3 Qb7 14.Rad1 Rfe8 15.b3 Bf8 16.e5 Bxf3 17.Qxf3
Qxf3 18.gxf3 Nd7 19.exd6 Rxe1+ 20.Rxe1 cxd6 21.Nb5 a5 22.Bxd6 a4 23.Nc7 Rb8 24.Re8
axb3 25.cxb3 f6 26.Rxb8 Nxb8 27.Bxf8 Kxf8 28.Ne6+ Ke7 29.Nxc5 Nc6 30.Kg2 Kd6 31.Nd3
Kd5 32.Nf4+ Ke5 33.Ne2 Kd5 34.f4 Nb4 35.a4 Nd3 36.Kf3 Nc5 37.Nc3+ Kd4 38.Nb5+ Kd5
39.Nc7+ Kd6 40.Ne8+ Ke7 41.Nxg7 Nxb3 42.Kg4 Na5 43.Kh5 Kf7 44.Kh6  1-0

[Event "1. Bundesliga 2019/2020"]
[Site "Blumenhalle, St. Veit/Glan"]
[Date "2020.01.09"]
[Round "5"]
[Board "6"]
[White "Hess, Max"]
[Black "Polterauer, Chiara"]
[Result "1-0"]
[WhiteElo "2378"]
[BlackElo "2178"]
[PlyCount "71"]
[EventDate "2019.10.10"]
[EventType "team"]
[EventRounds "11"]
[EventCountry "AUT"]
[WhiteTeam "SK Bregenz 1920"]
[BlackTeam "SV Pillenkoenig St. Veit"]

1.e4 e5 2.Nf3 Nc6 3.Bc4 Bc5 4.O-O Nf6 5.d3 d6 6.c3 h6 7.Re1 O-O 8.Nbd2 a5 9.a4 Be6
10.Qb3 Qd7 11.Bxe6 fxe6 12.Nc4 Nh5 13.Be3 Bxe3 14.Nxe3 Nf4 15.Rad1 Qf7 16.Qxb7 Na7
17.Rd2 Rfb8 18.Qa6 Rb6 19.Qc4 Rab8 20.Qa2 Rf8 21.d4 exd4 22.Nxd4 c5 23.Ndc2 Rfb8 24.Nc4
e5 25.Ra1 Ra6 26.g3 Ne6 27.Nxd6 Qe7 28.Rad1 Kh7 29.Nf5 Qb7 30.Nd6 Qe7 31.Ne3 Ng5 32.Ndf5
Qb7 33.Rd7 Qxe4 34.Rxg7+ Kh8 35.Rxg5 hxg5 36.Qf7  1-0

[Event "1. Bundesliga 2019/2020"]
[Site "Blumenhalle, St. Veit/Glan"]
[Date "2020.01.09"]
[Round "5"]
[Board "1"]
[White "Movsesian, Sergei"]
[Black "Menezes, Christoph"]
[Result "1-0"]
[WhiteElo "2649"]
[BlackElo "2398"]
[PlyCount "53"]
[EventDate "2019.10.10"]
[EventType "team"]
[EventRounds "11"]
[EventCountry "AUT"]
[WhiteTeam "SK Sparkasse Bad Voeslau"]
[BlackTeam "Union Ansfelden"]

1.e4 e5 2.Nf3 Nc6 3.Bb5 Nf6 4.O-O Nxe4 5.Qe2 Nd6 6.Bxc6 dxc6 7.Qxe5+ Qe7 8.Qa5 Qd8
9.Qc3 Be6 10.Re1 Qe7 11.d3 O-O-O 12.Qa5 Kb8 13.Bg5 f6 14.Nd4 fxg5 15.Nxe6 Re8 16.Nd2
g4 17.Re3 g6 18.Nb3 Bh6 19.Re2 Bg7 20.Rae1 Bf6 21.Qb4 b6 22.Na5 Ka8 23.Nxc6 Qd7 24.Qa4
a5 25.c4 Bxb2 26.c5 Bc3 27.cxd6  1-0

[Event "1. Bundesliga 2019/2020"]
[Site "Blumenhalle, St. Veit/Glan"]
[Date "2020.01.09"]
[Round "5"]
[Board "2"]
[White "Felsberger, Alfred"]
[Black "Jovanovic, Dusan"]
[Result "1/2-1/2"]
[WhiteElo "2339"]
[BlackElo "2412"]
[PlyCount "123"]
[EventDate "2019.10.10"]
[EventType "team"]
[EventRounds "11"]
[EventCountry "AUT"]
[WhiteTeam "Union Ansfelden"]
[BlackTeam "SK Sparkasse Bad Voeslau"]

1.e4 c5 2.Nf3 e6 3.d4 cxd4 4.Nxd4 a6 5.Nc3 b5 6.Be2 Bb7 7.Bf3 Nc6 8.Nxc6 Bxc6 9.O-O
Qb8 10.g3 Bd6 11.b3 Nf6 12.Bb2 Be5 13.Re1 b4 14.Na4 Bxa4 15.Bxe5 Qxe5 16.bxa4 O-O
17.a3 Rab8 18.Qd3 a5 19.Rab1 bxa3 20.Qxa3 Rfc8 21.c4 Rxb1 22.Rxb1 Nxe4 23.Rb5 Nc5
24.Kg2 Qc7 25.h4 h6 26.h5 f5 27.Qa1 Nd3 28.Kg1 Qxc4 29.Rxa5 Qc1+ 30.Qxc1 Rxc1+ 31.Kh2
Rc2 32.Bb7 Rxf2+ 33.Kg1 Kf7 34.Rb5 Rb2 35.Rxb2 Nxb2 36.a5 Nc4 37.a6 Nb6 38.a7 Kf6
39.Kf2 e5 40.Ke2 Ke6 41.Kd3 Kd6 42.a8=Q Nxa8 43.Bxa8 Ke6 44.Bb7 Kf6 45.Ke3 Kg5 46.Bf3
d6 47.Bd1 d5 48.Be2 g6 49.hxg6 Kxg6 50.Bd1 Kg5 51.Be2 h5 52.Bd1 h4 53.gxh4+ Kxh4 54.Bb3
d4+ 55.Kf3 Kg5 56.Bc2 Kf6 57.Bb1 Ke6 58.Bc2 f4 59.Ke4 Kd6 60.Bd3 Ke6 61.Bc2 Kf6 62.Bd3  1/2-1/2

[Event "1. Bundesliga 2019/2020"]
[Site "Blumenhalle, St. Veit/Glan"]
[Date "2020.01.09"]
[Round "5"]
[Board "3"]
[White "Juhasz, Kristof"]
[Black "Weiss, Christian"]
[Result "1/2-1/2"]
[WhiteElo "2472"]
[BlackElo "2369"]
[PlyCount "78"]
[EventDate "2019.10.10"]
[EventType "team"]
[EventRounds "11"]
[EventCountry "AUT"]
[WhiteTeam "SK Sparkasse Bad Voeslau"]
[BlackTeam "Union Ansfelden"]

1.Nf3 Nf6 2.g3 e6 3.c4 b6 4.Bg2 Bb7 5.O-O c5 6.Nc3 Be7 7.d4 cxd4 8.Qxd4 O-O 9.Bg5
h6 10.Bxf6 Bxf6 11.Qd2 Bxc3 12.Qxc3 Qc7 13.Rfd1 Nc6 14.Qa3 Rfd8 15.Qd6 Rac8 16.b3
Qxd6 17.Rxd6 Rc7 18.Rad1 Kf8 19.h4 Ke7 20.Nd4 Nxd4 21.R6xd4 Bxg2 22.Kxg2 d6 23.Kf3
h5 24.e4 e5 25.Rd5 Rc5 26.Ke3 Rxd5 27.Rxd5 f6 28.f4 Rc8 29.f5 Rg8 30.Kf3 g6 31.fxg6
Rxg6 32.b4 Rg8 33.c5 dxc5 34.bxc5 Rc8 35.cxb6 Rc3+ 36.Kf2 axb6 37.Rb5 Rc2+ 38.Kf3
Rxa2 39.Rxb6 Ra3+  1/2-1/2